India : planning for industrialization : (Record no. 10100)
[ view plain ]
| 000 -LEADER | |
|---|---|
| fixed length control field | 01300cam a2200337 a 4500 |
| 001 - CONTROL NUMBER | |
| control field | 10100 |
| 003 - CONTROL NUMBER IDENTIFIER | |
| rucl marc code | BD-RjUL |
| 005 - DATE AND TIME OF LATEST TRANSACTION | |
| control field | 20211208234907.0 |
| 008 - FIXED-LENGTH DATA ELEMENTS--GENERAL INFORMATION | |
| fixed length control field | 140123r19721970enkab b 001 0 eng d |
| 020 ## - INTERNATIONAL STANDARD BOOK NUMBER | |
| International Standard Book Number | 0192153269 |
| International Standard Book Number | 019215334X (pbk.) |
| 035 ## - SYSTEM CONTROL NUMBER | |
| System control number | (BD-RjUL)10147 |
| 040 ## - CATALOGING SOURCE | |
| Original cataloging agency | LC |
| Language of cataloging | eng |
| Transcribing agency | LC |
| Modifying agency | XNTU |
| -- | BD-RjUL |
| 041 ## - LANGUAGE CODE | |
| Language code of text/sound track or separate title | eng |
| 082 14 - DEWEY DECIMAL CLASSIFICATION NUMBER | |
| Classification number | 338.900954 |
| Edition number | 19 |
| Author mark and year | BHI 1972 |
| 100 1# - MAIN ENTRY--PERSONAL NAME | |
| Personal name | Bhagwati, Jagdish N., |
| Dates associated with a name | 1934- |
| 9 (RLIN) | 10464 |
| 245 10 - TITLE STATEMENT | |
| Title | India : planning for industrialization : |
| Remainder of title | industrialization and trade policies since 1951 / |
| Statement of responsibility, etc. | by Jagdish N. Bhagwati and Padma Desai. |
| 260 ## - PUBLICATION, DISTRIBUTION, ETC. (IMPRINT) | |
| Place of publication, distribution, etc. | London : |
| Name of publisher, distributor, etc. | Oxford U.P., |
| Date of publication, distribution, etc. | 1970 [reprinted 1972]. |
| 300 ## - PHYSICAL DESCRIPTION | |
| Pagination | xx, 537 p. : |
| Illustrations | ill. ; |
| Size | 23 cm. |
| 500 ## - GENERAL NOTE | |
| General note | "Published on behalf of the Development Centre of the Organization for Economic Co-operation and Development." |
| 504 ## - BIBLIOGRAPHY, ETC. NOTE | |
| Bibliography, etc | Includes index. |
| Bibliography, etc | Bibliography: p. [501]-511. |
| 651 #0 - SUBJECT ADDED ENTRY--GEOGRAPHIC NAME | |
| Geographic name | India |
| General subdivision | Economic policy. |
| 9 (RLIN) | 31173 |
| Geographic name | India |
| General subdivision | Commercial policy. |
| 9 (RLIN) | 14485 |
| Geographic name | India |
| General subdivision | Economic conditions |
| Chronological subdivision | 1947- |
| 9 (RLIN) | 31174 |
| 700 1# - ADDED ENTRY--PERSONAL NAME | |
| Personal name | Desai, Padma. |
| 710 2# - ADDED ENTRY--CORPORATE NAME | |
| Corporate name or jurisdiction name as entry element | Organisation for Economic Co-operation and Development. |
| Subordinate unit | Development Centre. |
| 9 (RLIN) | 13763 |
| 942 ## - ADDED ENTRY ELEMENTS (KOHA) | |
| Source of classification or shelving scheme | Dewey Decimal Classification |
| Koha item type | Books |
| Lost status | Source of classification or shelving scheme | Damaged status | Not for loan | Collection code | Permanent Location | Current Location | Shelving location | Date acquired | Source of acquisition | Cost, normal purchase price | Total Checkouts | Full call number | Date last seen | Copy number | Koha item type |
|---|---|---|---|---|---|---|---|---|---|---|---|---|---|---|---|
| Dewey Decimal Classification | Non-fiction | Central Library, University of Rajshahi | Central Library, University of Rajshahi | 04/12/1975 | Gonathan wren & co. | 2.50 | 338.900954 BHI 1972 | 23/01/2014 | C-2 | Books | |||||
| Dewey Decimal Classification | Non-fiction | Central Library, University of Rajshahi | Central Library, University of Rajshahi | 04/12/1975 | Janathan Wren & co., London | 2.50 | 338.900954 BHI 1972 | 26/07/2016 | C-3 | Books |